Normal view
MARC view
- Barnett, Jo
Entry Personal Name
001 - CONTROL NUMBER
- control field: 110354
003 - CONTROL NUMBER IDENTIFIER
- control field: NUST
005 - DATE AND TIME OF LATEST TRANSACTION
- control field: 20230316093921.0
008 - FIXED-LENGTH DATA ELEMENTS
- fixed length control field: 230316|| aca||aabn | a|a d
040 ## - CATALOGING SOURCE
- Original cataloging agency: NUST
- Transcribing agency: NUST
100 ## - HEADING--PERSONAL NAME
- Personal name: Barnett, Jo
670 ## - SOURCE DATA FOUND
- Source citation: Work cat.: (NUST)175670: Haycraft, John 110353, Getting on in English (Include CD) /, 1993
